Thiết kế Tiếng Việt Lớp 1 Tập 2 Công nghệ giáo dục

保存先:
書誌詳細
第一著者: Hồ, Ngọc Đại
その他の著者: Thạch, Thị Lan Anh
フォーマット: 図書
出版事項: Hà Nội Giáo dục
版:Tái bản lần thứ 5
主題:
タグ: タグ追加
タグなし, このレコードへの初めてのタグを付けませんか!
Thư viện lưu trữ: Trung tâm Học liệu Lê Vũ Hùng, Trường Đại học Đồng Tháp
LEADER 00825pam a22002418a 4500
001 00039391
005 20171026081025.0
008 170518s ||||||Viesd
041 0 # |a Vie 
082 1 4 |a 372.63  |b TH308K 
100 1 # |a Hồ, Ngọc Đại 
245 1 0 |b Công nghệ giáo dục  |c Hồ Ngọc Đại, Thạch Thị Lan Anh  |a Thiết kế Tiếng Việt Lớp 1 Tập 2 
250 # # |a Tái bản lần thứ 5 
260 # # |a Hà Nội  |b Giáo dục 
300 # # |c 29cm  |a 235 tr. 
653 # # |a Tiếng việt 
700 1 # |a Thạch, Thị Lan Anh 
852 # # |b Kho mượn  |j KM.0021544 
852 # # |b Kho đọc  |j KD.0020491 
852 # # |j KD.0020491  |j KM.0021544 
910 |d 18/05/2017 
980 # # |a Trung tâm Học liệu Lê Vũ Hùng, Trường Đại học Đồng Tháp